JUVEPICE : (Record no. 174714)

MARC details
000 -CABECERA
campo de control de longitud fija 01099nam a2200277 a 4500
005 - FECHA Y HORA DE LA ÚLTIMA TRANSACCIÓN
campo de control 20241012064105.0
008 - ELEMENTOS DE LONGITUD FIJA--INFORMACIÓN GENERAL
campo de control de longitud fija 150319s2013 mx r 000 0 spa d
020 ## - NÚMERO INTERNACIONAL NORMALIZADO PARA LIBROS
Número Internacional Estándar del Libro 9786074483703
035 ## - NÚMERO DE CONTROL DEL SISTEMA
Número de control de sistema UPN01000202613
049 ## - COLECCIÓN
Colección CG
050 #4 - SIGNATURA TOPOGRÁFICA DE LA BIBLIOTECA DEL CONGRESO
Número de clasificación LC4713.2
Número de documento/Ítem V3.4 2013
100 1# - ASIENTO PRINCIPAL--NOMBRE PERSONAL
Nombre de persona Valadez Sierra, María de los Dolores
9 (RLIN) 36931
245 10 - MENCIÓN DE TÍTULO
Título JUVEPICE :
Resto del título juego, veo, pienso creo y escucho : programa de intervención educativa para niños con TDAH /
Mención de responsabilidad, etc. María de los Dolores Valadez Sierra, Elizabeth de Alba Villegas, Raúl Emmanuel Reynaga García.
250 ## - MENCIÓN DE EDICIÓN
Mención de edición 2a ed.
260 ## - PUBLICACIÓN, DISTRIBUCIÓN, ETC.
Lugar de publicación, distribución, etc. México :
Nombre del editor, distribuidor, etc. Manual Moderno ,
Fecha de publicación, distribución, etc. 2013.
300 ## - DESCRIPCIÓN FÍSICA
Extensión xx, 178 p. :
Otras características físicas il. col., cuadros
650 #4 - ASIENTO SECUNDARIO DE MATERIA - TERMINO TEMATICO
Término de materia o nombre geográfico como elemento de entrada NIÑOS CON TRASTORNO POR DEFICIT DE LA ATENCION -
Subdivisión general EDUCACION
9 (RLIN) 13105
650 #4 - ASIENTO SECUNDARIO DE MATERIA - TERMINO TEMATICO
Término de materia o nombre geográfico como elemento de entrada TRSTORNO POR DEFICIT DE ATENCION CON HIPERACTIVIDAD
9 (RLIN) 23814
650 #4 - ASIENTO SECUNDARIO DE MATERIA - TERMINO TEMATICO
Término de materia o nombre geográfico como elemento de entrada Niños con problemas de aprendizaje
9 (RLIN) 10315
650 #4 - ASIENTO SECUNDARIO DE MATERIA - TERMINO TEMATICO
Término de materia o nombre geográfico como elemento de entrada Juegos educativos
9 (RLIN) 3952
700 1# - ASIENTO SECUNDARIO--NOMBRE DE PERSONAL
Nombre de persona Alba Villegas, Elizabeth de,
Término indicativo de función/relación coaut.
700 1# - ASIENTO SECUNDARIO--NOMBRE DE PERSONAL
Nombre de persona Reynaga García, Raúl Emmanuel,
Término indicativo de función/relación coaut.
905 ## - TIPO DE MATERIAL
Tipo de material Libro
Holdings
Estado de retiro Estado de pérdida Fuente del sistema de clasificación o colocación Estado dañado No para préstamo Código de colección Localización permanente Ubicación/localización actual Ubicación en estantería Fecha de adquisición Total de préstamos Renovaciones totales Clasificación Código de barras Fecha visto por última vez Fecha del último préstamo Número de copia Tipo de ítem Koha En préstamo
    Library of Congress Classification     Colección General Bib. Gregorio Torres Quintero Bib. Gregorio Torres Quintero Planta baja 09/03/2023 20 1 LC4713.2 V3.4 2013 302776 03/04/2025 26/08/2024 1 Libro  
    Library of Congress Classification     Colección General Bib. Gregorio Torres Quintero Bib. Gregorio Torres Quintero Planta baja 06/03/2023 15   LC4713.2 V3.4 2013 302775 14/11/2023 30/10/2023 1 Libro  
    Library of Congress Classification     Colección General Bib. Gregorio Torres Quintero Bib. Gregorio Torres Quintero Planta baja 15/06/2023 16   LC4713.2 V3.4 2013 302777 06/03/2024 06/03/2024 1 Libro 21/03/2024